Семантическое расширение иерархических и сетевых моделей принятия решений; Информационные технологии; № 1

Manylion Llyfryddiaeth
Parent link:Информационные технологии: теоретический и прикладной научно-технический журнал.— , 2000-
№ 1.— 2004.— С. 2-10
Prif Awdur: Аверченков В. И.
Awduron Eraill: Подвесовский А. Г., Брундасов С. М.
Iaith:Rwseg
Cyhoeddwyd: 2004
Cyfres:Системы автоматизированного проектирования
Pynciau:
Fformat: MixedMaterials Pennod Llyfr
KOHA link:https://koha.lib.tpu.ru/cgi-bin/koha/opac-detail.pl?biblionumber=390508

MARC

LEADER 00000naa2a2200000 4500
001 390508
005 20231101063959.0
035 |a (RuTPU)RU\TPU\prd\23620 
090 |a 390508 
100 |a 20040309a2004 k y0rusy50 ca 
101 0 |a rus 
102 |a RU 
200 1 |a Семантическое расширение иерархических и сетевых моделей принятия решений  |f В. И. Аверченков, А. Г. Подвесовский, С. М. Брундасов 
225 1 |a Системы автоматизированного проектирования 
320 |a Библиогр.: 5 назв. 
461 1 |0 (RuTPU)RU\TPU\prd\1520  |t Информационные технологии  |o теоретический и прикладной научно-технический журнал  |d 2000- 
463 1 |0 (RuTPU)RU\TPU\prd\23130  |t № 1  |v С. 2-10  |d 2004 
610 1 |a принятие решений 
610 1 |a альтернативы 
610 1 |a сетевые модели 
610 1 |a семантика 
610 1 |a иерархическая модель 
610 1 |a формализация 
610 1 |a моделирование 
610 1 |a базы данных 
610 1 |a управление 
675 |a 519.816  |v 3 
700 1 |a Аверченков  |b В. И. 
701 1 |a Подвесовский  |b А. Г. 
701 1 |a Брундасов  |b С. М. 
801 1 |a RU  |b 63413507  |c 20040309  |g PSBO 
801 2 |a RU  |b 63413507  |c 20130507  |g RCR 
942 |c BK